Responses for Show #7924 - Thursday, February 7, 2019

Contestants

[<< previous game]

Alan Florendo, a software developer from St. Louis, Missouri

Amanda Basta, an attorney from Arlington, Virginia

Bif Reiser, a mathematician from Portland, Oregon (whose 1-day cash winnings total $28,001)

[next game >>]

Jeopardy! Round responses

MUSEUM MISCELLANY
EASY LISTENING
"P"LACES AT THE MALL
COUNTRY FACTS
MARCH ON!
WORD RHYMES
(Alex: Each correct response in that category will rhyme with the word "word".)
    $200 17
(Bif: What is hydroelectric?)
(Alan: What is wind?)

solar

BifAmandaAlan
    $200 16
Kermit the Frog

Alan
    $200 11
Panda Express

Bif
    $200 1
Cambodia

Bif
    $200 26
(Alex: With less than a minute to go now.)

Martin Luther King Jr.

Bif
    $200 6
a herd

Alan
    $400 14
April 1 (or April Fool's Day)

Bif
    $400 18
"Take It Easy"

Alan
    $400 22
Payless

Alan
    $400 2
Russia

Bif
    $400 7
deferred

Alan
    $600 13
Bay of Pigs

Alan
    $600 19
(Alan: What is "To Be Me"?)

"Superman"

AmandaAlan
    $600 23
Prada

Bif
    $600 3
Mongolia

Bif
    $2,000 27
the Long March

Bif
    $600 8
a bluebird

Triple Stumper
    $800 12
George Lucas

Bif
    $800 20
Annie

Alan
    $800 24
Peloton

Alan
    $800 4
Argentina

Alan
    $800 29
[The end-of-round signal sounds.]

temperance

Bif
    $800 9
slurred

Bif
    $1000 15
Walton

Alan
    $1000 21
Dierks Bentley

Triple Stumper
    $1000 25
Paper Source

Amanda
    $1000 5
(Amanda: What is Syria?)

Iraq

Amanda
Triple Stumper
    $1000 28
the Arabian Sea

Triple Stumper
    $1000 10
a Kurd

Alan

Scores at the first commercial break (after clue 16):

Bif Amanda Alan
$3,400 -$1,000 $4,200

Scores at the end of the Jeopardy! Round:

Bif Amanda Alan
$6,800 $800 $5,800

Double Jeopardy! Round responses

THE GRAND TOUR
EPIC POETRY
OPPOSITES
I.M.
A MAN OF CONSTANT
SORROW
    $400 3
the Alps

Bif
    $400 20
Rome

Bif
    $400 1
a curse

Alan
    $400 15
Imelda Marcos

Amanda
    $400 10
Newton

Bif
    $400 21
O Brother, Where Art Thou?

Bif
    $800 4
macaroni

Bif
    $800 27
the Iliad

Bif
    $800 2
pride

Bif
    $800 16
Elphaba

Alan
    $800 11
Hubble

Alan
    $800 23
mourning

Bif
    $3,000 5
Venice

Bif
    $1200 28
Finland

Bif
    $1200 12
doff

Bif
    $1200 17
Ian McKellen

Bif
    $1200 6
interest

Bif
    $1200 24
Grief

Bif
    $1600 8
Pompeii and Herculaneum

Triple Stumper
    $1600 29
Satan

Bif
    $1600 13
to impair (or impede)

Bif
    $1600 18
(James) Ivory

Alan
    $3,000 7
a quantum

Bif
    $1600 25
Madame Butterfly

Alan
    $2000 9
the Hellespont (or Dardanelles)

Bif
    $2000 30
the Ramayana

Bif
    $2000 14
keep

Amanda
    $2000 19
Isaac Mizrahi

Alan
    $2000 22
(Alan: Who is Bernoulli?)

Fibonacci

BifAlan
    $2000 26
(Alan: What is Soledad?)

Dolores

Alan
Triple Stumper

Scores at the end of the Double Jeopardy! Round:

Bif Amanda Alan
$32,800 $3,200 $9,000
(lock game)

[wagering suggestions for these scores]

Final Jeopardy! Round responses

PRESIDENTS & THE MOVIES
(Alex: [To Amanda] And Lu?)
(Amanda: Luke.)
(Alex: Did I get them all? Good.)
...
(Alan: She's a better mathematician.)
[Laughter]
(Alex: All right, yes. Can't add letters.)
...
(Alex: [To Bif] He was gonna write, "I haven't seen". Have never been in my kitchen or living room.)
AmandaWhat is are W + JFK? Hi Ellie Liv Anna + Lu
$3,199
AlanWhat are JFK + LBJ?
$1,000
BifWhat are 2 films I have
$0
W and JFK

Final scores:

Bif Amanda Alan
$32,800 $6,399 $8,000
2-day champion: $60,801 3rd place: $1,000 2nd place: $2,000

Game dynamics:

Coryat scores:

Bif Amanda Alan
$28,200 $3,200 $9,000
31 R
(including 3 DDs),
1 W
5 R,
1 W
17 R,
4 W

Combined Coryat: $40,400

[game clues] [game scores] [suggest correction]

Game tape date: 2018-12-05
The J! Archive is created by fans, for fans. Scraping, republication, monetization, and malicious use prohibited; this site may use cookies and collect identifying information. See terms. The Jeopardy! game show and all elements thereof, including but not limited to copyright and trademark thereto, are the property of Jeopardy Productions, Inc. and are protected under law. This website is not affiliated with, sponsored by, or operated by Jeopardy Productions, Inc. Join the discussion at JBoard.tv.